Reálnosť výsledku hospodárenia podniku prezentovaného vo finančných výkazoch

Finančné výkazy predstavujú pre analytika významný informačný zdroj, pretože sústredia informácie umožňujúce posúdiť podnikovú výnosnosť rast a stabilitu patriacu do charakteristiky podnikovej činnosti. Vybrané aspekty, ktoré môžu reálnosť prezentovaného výsledku hospodárenia ovplyvniť.

Gespeichert in:
Bibliographische Detailangaben
1. Verfasser: Manová, Eva, 1957-
Format: Buchkapitel
Sprache:Slowakisch
Schlagworte:
Tags: Tag hinzufügen
Keine Tags, Fügen Sie das erste Tag hinzu!

MARC

LEADER 00000nla a2200000 4500
001 0211194
005 20240502073523.9
041 0 |a slo 
044 |a SK 
245 1 0 |a Reálnosť výsledku hospodárenia podniku prezentovaného vo finančných výkazoch  |c Eva Manová 
520 |a Finančné výkazy predstavujú pre analytika významný informačný zdroj, pretože sústredia informácie umožňujúce posúdiť podnikovú výnosnosť rast a stabilitu patriacu do charakteristiky podnikovej činnosti. Vybrané aspekty, ktoré môžu reálnosť prezentovaného výsledku hospodárenia ovplyvniť. 
610 2 0 |a hospodárstvo podniku finančné 
610 2 0 |a výkazy finančné 
610 2 0 |a doklady účtovné 
610 2 0 |a informácie účtovné 
610 2 0 |a obdobie účtovné 
610 2 0 |a výsledok hospodársky 
100 1 |a Manová, Eva, 1957-